Landmarks Map Quiz (Europe) - Statistics

General Stats
  • This quiz has been taken 65 times
    62 since last reset
  • The average score is 16 of 25
Answers on the Map
Answers color-coded by a green-red scale on the quiz's map according to % correct below.
 
Answer Stats
Answer % Correct
Big Ben
98%
Arc De Triomphe
96%
Acropolis
94%
Colosseum
94%
Brandenburg Gate
92%
Sagrada Familia
88%
Hagia Sophia
83%
St Basils Cathedral
83%
Vaduz Castle
81%
Dubrovnik Walls
77%
Blarney Stone
73%
Belem Tower
67%
Hallgrimskirkja
67%
De Noord
65%
Manneken Pis
63%
Christiansborg Palace
58%
Borgund Stave Church
44%
Lazienki Palace
38%
Golubac Fortress
33%
Znojmo Castle
33%
Walls of Piran
31%
House of the Black Heads
27%
St Sophias Cathedral
27%
Theater of Philippopolis
27%
Zytglogge
27%
No matching quizzes found
Score Distribution
Percent of People with Each Score
Percentile by Number Answered
Your Score History
You have not taken this quiz since the last reset